| 000 | 01227nam0a2200313 i 4500 | ||
|---|---|---|---|
| 001 | RU\NLR\BIBL_A\011320716 | ||
| 005 | 20241101233542.0 | ||
| 010 | _a9785990887602 | ||
| 010 |
_a978-5-9908876-4-0 _910000 |
||
| 021 |
_aRU _b2017-224 _916 |
||
| 035 | _a(NLR Aleph) 011320716 | ||
| 090 |
_a11076480 _c11076480 |
||
| 100 | _a20170203d2016 u y0rusy50 ca | ||
| 101 | 1 |
_arus _cund |
|
| 102 | _aRU | ||
| 105 | _aa z 000zy | ||
| 200 | 1 |
_aПутешествие на воздушном шаре _fСота Симара _g[Г. Кириллов, перевод] |
|
| 210 |
_aКалуга _cАкватинта _d2016 |
||
| 215 |
_a14 с. _cцв. ил. _d21 |
||
| 225 | 1 |
_aПриключения маленького Пети _eсерия книг для любознательных детей и терпеливых родителей _vкн. 5 |
|
| 333 | _a6+ | ||
| 606 |
_aАэростаты _jИздания для детей _91071512 _3RU\NLR\AUTH\6698869 |
||
| 686 | 0 |
_aШ9 _bО |
|
| 700 | 1 |
_7ca _8rus _aСимара _bС. _gСота _9170453 _3RU\NLR\AUTH\770170503 |
|
| 942 | _cBOOK | ||
| 980 | _aNBR | ||